000 00935cam a2200253Mc 4500
005 20140903174951.0
008 110412s2011 sp grn 001 0bspa d
020 _a9788483069417
040 _aCo-BoUCM
_bspa
_cJavier Garzón
_dAldemar Mondragón
041 1 _aspa
_heng
100 1 _aGuillermoprieto, Alma
_957590
245 1 0 _aDesde el país de nunca jamás
_cAlma Guillermoprieto ; traducción de Margarita Valencia
260 _aBarcelona (España)
_bDebate
_c2011
300 _a380 páginas
490 0 _aLa ficción real
650 7 _aCorresponsales de guerra
_912018
650 7 _aPeriodismo
_zAmérica Latina
_957714
650 7 _aViolencia
_zAmérica Latina
_957715
651 4 _aAmérica latina
_xPolítica y gobierno
_y1980-
_2embne
_957591
690 _942898
_aPeriodismo
700 1 _aValencia, Margarita
_etraductor
_957592
942 _a24
_cLIBRO
_e1
_mG958d
_2DEWEY
_h070.433
999 _c182468
_d182468